English Words of Indian Origin - Statistics

General Stats
  • This quiz has been taken 481 times
  • The average score is 10 of 31
Answer Stats
Hint Answer Language % Correct
Descent of a deity from heaven or a popular Hollywood movie by James Cameron Avatar Sanskrit
76%
Spotted big cat found in Africa; fastest land mammal Cheetah Sanskrit
71%
Applied to wash hair Shampoo Hindi
63%
Indian dishes made from spicy sauce Curry Tamil
62%
Tropical fruit with yellow juicy flesh and a single seed Mango Tamil
58%
Results of one's past actions; What goes around, comes around Karma Sanskrit
57%
Large bird with an elaborate and ornamental tail Peacock Tamil
56%
Popular citrus fruit or colour Orange Tamil
55%
Transcendent state with no desire or suffering; associated with Buddha Nirvana Sanskrit
51%
A spritual teacher, mentor or guide, one who is held in high regard Guru Sanskrit
44%
A tropical cyclonic storm or a European fighter aircraft Typhoon Urdu
44%
Small carnivorous mammal, often associated with snakes Mongoose Tamil
41%
Crystallized sugar confectionery; Crush to get a popular game Candy Sanskrit
37%
A small house or cottage that is either single-story or has a second story built into a sloping roof Bungalow Urdu
31%
One who is despised or rejected; A social outcast Pariah Tamil
30%
Physical form of currency i.e. paper notes or coin Cash Tamil
29%
A large chariot; metaphor for something unstoppable Juggernaut Sanskrit
25%
Bedstead or portable bed Cot Tamil
23%
Tropical hardwood tree used to make furniture Teak Tamil
22%
A fragrant spice which is a root tuber; Meow Ginger Tamil
20%
A multi-hulled watercraft featuring two parallel hulls of equal size or a pointed Indian boat often built with wood Catamaran Tamil
18%
Loose leg garment worn at night Pyjamas Hindi
12%
Coarse Indian cane sugar Jaggery Tamil
11%
Low wage labourer or indentured servant Coolie Tamil
10%
Fibrous material found between the hard, internal shell and the outer coat of a coconut Coir Tamil
7%
Learned scholar or an expert in a particular field Pundit Sanskrit
7%
Warehouse used for storage (Indian English) Godown Tamil
6%
A criminal from a band of robbers Dacoit Hindi
5%
Leaf or vine belonging to Piperceae family Betel Tamil
3%
Spicy pepper water Mulligatawny Tamil
2%
A three or four legged tea or coffee table Teapoy Hindi
2%
No matching quizzes found
Score Distribution
Percent of People with Each Score
Percentile by Number Answered
Your Score History
You have not taken this quiz